Leyenda de una ciudad musical (Record no. 75435)
[ view plain ]
| 000 -LEADER | |
|---|---|
| campo de control de longitud fija | 00555nam a2200169 i 4500 |
| 001 - NÚMERO DE CONTROL | |
| campo de control | 75435 |
| 003 - IDENTIFICADOR DE NÚMERO DE CONTROL | |
| campo de control | ES-MaACL |
| 005 - FECHA Y HORA DE LA ÚLTIMA TRANSACCIÓN | |
| campo de control | 20230906172442.0 |
| 007 - CAMPO FIJO DE DESCRIPCIÓN FÍSICA--INFORMACIÓN GENERAL | |
| campo de control de longitud fija | t| |
| 008 - DATOS DE LONGITUD FIJA--INFORMACIÓN GENERAL | |
| campo de control de longitud fija | 040924s1947 ag ||||1| spa d |
| 100 1# - ENTRADA PRINCIPAL--NOMBRE DE PERSONA | |
| Nombre de persona | Montgelas, Max de |
| Títulos y otros términos asociados al nombre | Comte. |
| 9 (RLIN) | 82625 |
| 245 10 - MENCIÓN DEL TÍTULO | |
| Título | Leyenda de una ciudad musical |
| Resto del título | : la historia de Viena / |
| Mención de responsabilidad, etc. | Max Graf ; traducción de Néstor R. Ortiz Oderigo. |
| 260 ## - PUBLICACIÓN, DISTRIBUCIÓN, ETC. | |
| Lugar de publicación, distribución, etc. | Buenos Aires : |
| Nombre del editor, distribuidor, etc. | Futuro, |
| Fecha de publicación, distribución, etc. | 1947 ( |
| Fabricante | Universo) |
| 300 ## - DESCRIPCIÓN FÍSICA | |
| Extensión | 269 p. ; |
| Dimensiones | 23 cm. |
| 700 1# - ENTRADA AGREGADA--NOMBRE PERSONAL | |
| Nombre de persona | Ortiz Oderigo, Néstor R. |
| 9 (RLIN) | 87634 |
| 852 ## - LOCALIZACIÓN | |
| Ubicación | ES-MaACL |
| Número de control de estantería | B-1538 |
| Sublocalización o colección | R.28808 |
| Estatus retirado | Estado de pérdida | Estado de daño | No para préstamo | Biblioteca de origen | Biblioteca actual | Ubicación en estantería | Fecha de adquisición | Fuente de adquisición | Total de préstamos | Signatura topográfica completa | Código de barras | Visto por última vez | Precio de reemplazo | Tipo de ítem Koha |
|---|---|---|---|---|---|---|---|---|---|---|---|---|---|---|
| Biblioteca del Ateneo de Madrid | Biblioteca del Ateneo de Madrid | Sala Pardo Bazán | 17/01/2008 | B-1538 | 1078956 | 23/02/2023 | 23/02/2023 | Libro impreso |
